000 00709nam a2200205 4500
001 132960
003 ES-MaACL
005 20250808081324.0
007 t|
008 070214s1960 sp r ||||1| spa d
100 1 _aRoyo Villanova, Antonio,
_d1869-1958
_9100235
245 1 0 _aElementos de Derecho Administrativo /
_cpor Antonio Royo Villanova.
250 _a25ª ed.
_bpor Segismundo Royo-Villanova.
260 _aValladolid :
_b[s. n.],
_c1960 (
_fImp. Castellana)
300 _a2 v. ;
_c22 cm +
_e1 apéndice.
650 7 _aDerecho administrativo-
_zEspaña
_2
_9145992
700 1 _aRoyo Villanova, Segismundo.
_9100238
852 _aES-MaACL
_jC-20512-4
_bR.48882
999 _c132960
_d132960